000 00537nam a2200181 a 4500
005 20140412111303.0
008 010320s19uu xx 00 eng d
020 _a1-86136-006-1
050 _aER
_bRu82 1996
100 _aKeay, Kenneth
245 _aRumpelstiltskin /
_cstory by Kenneth Keay ; ilustrated by Sarah Edwards.
260 _a[s.l.] :
_bAnker International Plc,
_c1996.
300 _a1 v. (unp.) ; ill.
440 _aA Tale From The Land of Nod . . .
650 _aFolk Tales
650 _aFairy Tales
999 _c103508
_d103508